Blackadder Back and Forth Characters - Statistics

General Stats
  • This quiz has been taken 25 times
  • The average score is 12 of 19
Answer Stats
Character Answer % Correct
Title character Lord Blackadder V
95%
Prime Minister Baldrick
91%
Party Guest Archbishop Melchett
86%
Party Guest Lady Elizabeth
86%
Party Guest Lieutenant George
82%
Roman Centurion Blaccadius
77%
King Edmund III
77%
Party Guest Archdeacon Kevin Darling
73%
Septic Tank Cleaner Mr. Baldrick
73%
Roman Legionary Baldricus
68%
Roman General Flavius Melchett
68%
French army officer Duc de Darling
64%
Roman Consul Georgius
64%
Robin Hood Lord Flashheart
64%
Assaulted bard William Shakespeare
64%
French army general Napoleon
55%
Nursie Bernard
32%
Queenie Elizabeth II
23%
Queen Marian of Sherwood
0%
No matching quizzes found
Score Distribution
Percent of People with Each Score
Percentile by Number Answered
Your Score History
You have not taken this quiz